000 00997nam a2200265Ia 4500
003 OSt
005 20221005111024.0
006 a|||||r|||| 00| 0
007 ta
008 221004b |||||||| |||| 00| 0 hin d
020 _a9788171195923 (hbk)
_c250
024 _a15715
037 _bBR6146, 23/12/2014, Rajkamal Prakashan Pvt. Ltd.
_cTextual
040 _aCRL
_cCRL
_bhin
041 _2hin
_ahin
082 _aO152,2N17:g, L3;Q3
100 _aचातक, गोविन्द
245 0 _aनाटककार जगदीशचन्द्र माथुर
246 _aNāṭakakār jagadīshachandra māthura
260 _aनई दिल्ली
_bराधाकृष्ण भारत
_c2013
300 _a143पृ0
_ccm.
650 _aहिन्दी साहित्य
942 _hO152,2N17:g, L3;Q3
_cTEXL
_2cc
999 _c1020577
_d1020577